Two wrongs: no rights (Record no. 66197)

MARC details
000 -LEADER
fixed length control field 01008cam a2200253 4500
001 - CONTROL NUMBER
control field ABS63527
008 - FIXED-LENGTH DATA ELEMENTS--GENERAL INFORMATION
fixed length control field 000000n2001 000 0 eng u
035 ## - SYSTEM CONTROL NUMBER
System control number (Sirsi) u111108
100 ## - MAIN ENTRY--PERSONAL NAME
Personal name Langleben, A.
245 ## - TITLE STATEMENT
Title Two wrongs: no rights
260 ## - PUBLICATION, DISTRIBUTION, ETC.
Date of publication, distribution, etc. 2001
490 ## - SERIES STATEMENT
Series statement Property Week
Volume/sequential designation 66(7) 16 February 2001, 90(1)
520 ## - SUMMARY, ETC.
Summary, etc. "Manchester & District Housing Association v Fearnley Construction and Dunbar" illustrates that parties defending a claim for specific performance cannot plead a defence of non-fulfilment.
590 ## - LOCAL NOTE (RLIN)
Local note ABS
650 ## - SUBJECT ADDED ENTRY--TOPICAL TERM
Topical term or geographic name entry element MANCHESTER & DISTRICT HOUSING ASSOCIATION V FEARNLEY CONSTRUCTION AND DUNBAR
650 ## - SUBJECT ADDED ENTRY--TOPICAL TERM
Topical term or geographic name entry element AIGHUSSEIN ESTABLISHMENT V ETON COLLEGE
650 ## - SUBJECT ADDED ENTRY--TOPICAL TERM
Topical term or geographic name entry element CHEALL V THE ASSOCIATION OF PROFESSIONAL EXECUTIVE CLERICAL & COMPUTER STAFF
650 ## - SUBJECT ADDED ENTRY--TOPICAL TERM
Topical term or geographic name entry element HERON GARAGE PROPERTIES LTD V MOSS
650 ## - SUBJECT ADDED ENTRY--TOPICAL TERM
Topical term or geographic name entry element NON-FULFILMENT
650 ## - SUBJECT ADDED ENTRY--TOPICAL TERM
Topical term or geographic name entry element SPECIFIC PERFORMANCE
650 ## - SUBJECT ADDED ENTRY--TOPICAL TERM
Topical term or geographic name entry element BREACH OF CONTRACT
690 ## - LOCAL SUBJECT ADDED ENTRY--TOPICAL TERM (OCLC, RLIN)
Topical term or geographic name as entry element BUILT ENVIRONMENT-BUILDING CONTRACT FORMS
942 ## - ADDED ENTRY ELEMENTS (KOHA)
Suppress in OPAC 0
Holdings
Withdrawn status Lost status Source of classification or shelving scheme Damaged status Not for loan Home library Current library Shelving location Date acquired Total Checkouts Full call number Barcode Date last seen Copy number Price effective from Koha item type
    Dewey Decimal Classification     London London Journal article 22/02/2001   ABS63527 111108-1001 06/08/2019 1 06/08/2019 Journal article